[Event "2nd Science Park Open A"]
[Site "Amsterdam NED"]
[Date "2012.07.20"]
[Round "7.11"]
[White "Vroombout, Enrico"]
[Black "Wiersma, Eelke"]
[Result "0-1"]
[BlackTitle "IM"]
[WhiteElo "2241"]
[BlackElo "2375"]
[WhiteFideId "1008730"]
[BlackFideId "1002864"]
[EventDate "2012.07.14"]

1. e4 c5 2. Nf3 Nc6 3. d4 cxd4 4. Nxd4 Nf6 5. Nc3 e6 6. Nxc6 bxc6 7. e5 Nd5 8.
Ne4 Qc7 9. f4 Qb6 10. c4 Ne3 11. Qd3 Nf5 12. g4 Nd4 13. Bg2 h5 14. g5 h4 15. Rf1
Ba6 16. Rf2 O-O-O 17. Be3 Qb4+ 18. Rd2 Nf5 19. a3 Qxc4 20. Qxc4 Bxc4 21. Bxa7 h3
22. Bf1 Bxf1 23. Kxf1 Rh4 24. Rf2 Kb7 25. Bc5 Bxc5 26. Nxc5+ Kb6 27. Rc1 Ne3+
28. Ke2 Nd5 29. Nd3 Ra8 30. Kf3 f5 31. exf6 gxf6 32. Kg3 Rh5 33. Kg4 Rah8 34.
Rg1 fxg5 35. fxg5 Ne3+ 36. Kf3 Ng2 37. Nf4 Rf8 38. Kg4 Rh4+ 39. Kg3 Rhxf4 40.
Rxf4 Nxf4 0-1

[Event "2nd Science Park Open A"]
[Site "Amsterdam NED"]
[Date "2012.07.20"]
[Round "7.12"]
[White "Kuling, Lody"]
[Black "Bezemer, Arno"]
[Result "1/2-1/2"]
[BlackTitle "FM"]
[WhiteElo "2244"]
[BlackElo "2346"]
[WhiteFideId "1019686"]
[BlackFideId "1001396"]
[EventDate "2012.07.14"]

1. e4 c5 2. Nf3 d6 3. d4 cxd4 4. Nxd4 Nf6 5. Nc3 a6 6. Be2 e5 7. Nb3 Be7 8. O-O
O-O 9. a4 Be6 10. Be3 Nc6 11. a5 Rc8 12. Ra4 Bxb3 13. cxb3 Nxa5 14. Nd5 Nc6 15.
Bb6 Qe8 16. Nxf6+ Bxf6 17. Bg4 Ra8 18. Qxd6 Qb8 19. Qd7 g6 20. g3 Nd4 21. Kg2 h5
22. Bh3 Qe8 23. Qd5 Qb5 24. Bxd4 Qxd5 25. exd5 exd4 26. d6 Rfd8 27. d7 Bg7 28.
Rc4 f5 29. Rc7 Rab8 30. Re1 Kf7 31. Kf1 Bf8 32. Bg2 Bd6 33. Bd5+ Kf8 34. Rxb7
Rxb7 35. Bxb7 Rxd7 36. Bxa6 Bb4 37. Rd1 Ke7 1/2-1/2

[Event "2nd Science Park Open A"]
[Site "Amsterdam NED"]
[Date "2012.07.20"]
[Round "7"]
[White "Afek, Yochanan"]
[Black "Kohler, Aran"]
[Result "1-0"]
[WhiteTitle "IM"]
[BlackTitle "FM"]
[WhiteElo "2293"]
[BlackElo "2229"]
[WhiteFideId "2800462"]
[BlackFideId "1002856"]
[EventDate "2012.07.14"]

1. e4 e5 2. Nc3 Bc5 3. Nf3 d6 4. d4 exd4 5. Nxd4 Ne7 6. Be3 O-O 7. Bc4 c6 8. Bb3
b5 9. a4 Bxd4 10. Qxd4 c5 11. Qd2 c4 12. Ba2 a6 13. axb5 axb5 14. Nxb5 Be6 15.
O-O d5 16. exd5 Nxd5 17. Bxc4 Rxa1 18. Rxa1 Nxe3 19. Qxd8 Rxd8 20. Bd3 Nc4 21.
b3 Ne5 22. Be4 f5 23. Bb7 Nbc6 24. f4 Rd2 25. fxe5 Bd5 26. c4 Rxg2+ 27. Kf1 Bf3
28. e6 Kf8 29. Ra6 Ne5 30. Bxf3 Rxh2 31. Bd5 Nd3 32. Nd4 Rf2+ 33. Kg1 Rf4 34.
Ra8+ Ke7 35. Ra7+ Kf6 36. Rf7+ Kg6 37. e7 Rg4+ 38. Kf1 Rf4+ 39. Ke2 Nc1+ 40. Kd2
Rxd4+ 41. Kxc1 Re4 42. Rxg7+ 1-0

[Event "2nd Science Park Open A"]
[Site "Amsterdam NED"]
[Date "2012.07.20"]
[Round "7"]
[White "Schroer, Marcel"]
[Black "Arjun, Bharat"]
[Result "1/2-1/2"]
[BlackTitle "CM"]
[WhiteElo "2088"]
[BlackElo "2250"]
[WhiteFideId "1012908"]
[BlackFideId "5032725"]
[EventDate "2012.07.14"]

1. d4 d5 2. Nf3 Nf6 3. c4 c6 4. cxd5 cxd5 5. Nc3 Nc6 6. Bf4 a6 7. Rc1 Bf5 8. e3
e6 9. Qb3 Bd6 10. Bxd6 Qxd6 11. Be2 O-O 12. O-O b5 13. Qd1 Rfc8 14. Nh4 Bg6 15.
Nxg6 hxg6 16. Bd3 Na5 17. Qe2 Nc4 18. b3 Nb6 19. Qb2 Rc7 20. Ne2 Rac8 21. g3
Nbd7 22. Rxc7 Rxc7 23. Rc1 Ne8 24. Kg2 Kf8 25. Rxc7 Nxc7 26. Qc2 Ke7 27. Qc3 Kd8
28. h4 Kc8 29. Nf4 Kb7 30. Be2 Kb6 31. Nd3 a5 32. b4 axb4 33. Nxb4 1/2-1/2

[Event "2nd Science Park Open A"]
[Site "Amsterdam NED"]
[Date "2012.07.20"]
[Round "7"]
[White "Hovenga, Alje"]
[Black "Timmermans, Mark"]
[Result "0-1"]
[WhiteElo "2247"]
[BlackElo "2194"]
[WhiteFideId "1005812"]
[BlackFideId "1026399"]
[EventDate "2012.07.14"]

1. d4 Nf6 2. Nf3 c5 3. d5 g6 4. Nc3 Bg7 5. e4 O-O 6. Be2 d6 7. O-O Na6 8. Nd2
Nc7 9. a4 b6 10. Nc4 Ba6 11. Na3 Bxe2 12. Qxe2 e6 13. Qd3 exd5 14. exd5 Ng4 15.
Bf4 Bxc3 16. bxc3 Qf6 17. Bg3 Ne5 18. Qd2 Rfe8 19. Rad1 Qf5 20. f3 a6 21. f4 Ng4
22. Nc4 Rad8 23. h3 Nf6 24. Bh4 Ncxd5 25. Bxf6 Nxf6 26. Nxd6 Ne4 27. Nxe4 Rxd2
28. Nxd2 Qxc2 29. Nf3 Re2 30. Nh4 Qxc3 31. Kh2 Qf6 32. Kg3 g5 33. fxg5 Qxg5+ 34.
Kf3 Re3+ 35. Kf2 Qg3+ 0-1

[Event "2nd Science Park Open A"]
[Site "Amsterdam NED"]
[Date "2012.07.20"]
[Round "7"]
[White "Schoorl, Rob"]
[Black "Beerdsen, Thomas"]
[Result "1-0"]
[WhiteTitle "FM"]
[WhiteElo "2362"]
[BlackElo "2044"]
[WhiteFideId "1009508"]
[BlackFideId "1030108"]
[EventDate "2012.07.14"]

1. e4 c5 2. Nf3 d6 3. d4 cxd4 4. Nxd4 Nf6 5. Nc3 a6 6. f4 e5 7. Nf3 Nbd7 8. a4
Be7 9. Bd3 O-O 10. O-O exf4 11. Kh1 Nc5 12. Bxf4 Bg4 13. Qd2 Bh5 14. a5 Bg6 15.
Rfe1 Ne6 16. Be3 Rc8 17. Bb6 Qe8 18. b4 Nd7 19. Nd5 Ne5 20. Nxe5 dxe5 21. c4 Nf4
22. Bf1 Bg5 23. Qb2 Qe6 24. g3 Nxd5 25. exd5 Qg4 26. Qe2 Qxe2 27. Bxe2 Bd2 28.
Bf1 Bxb4 29. Red1 Bc2 30. d6 Bxd1 31. Rxd1 Rcd8 32. c5 Rd7 33. Rd5 f6 34. Bh3
Rff7 35. Be6 g6 36. Kg2 Kg7 37. Kf3 Bc3 38. Rd3 Ba1 39. Ke4 f5+ 40. Kd5 Kf6 41.
Rb3 e4 42. Bxd7 Rxd7 43. Bc7 Kf7 44. Rxb7 e3 45. Rb3 1-0

[Event "2nd Science Park Open A"]
[Site "Amsterdam NED"]
[Date "2012.07.20"]
[Round "7"]
[White "Schneider, Veronika"]
[Black "Stork, Ornett"]
[Result "1-0"]
[WhiteTitle "WGM"]
[WhiteElo "2331"]
[BlackElo "2136"]
[WhiteFideId "721530"]
[BlackFideId "1010719"]
[EventDate "2012.07.14"]

1. e4 Nc6 2. Nf3 d6 3. d4 Nf6 4. Nc3 Bg4 5. Be3 e6 6. Be2 Be7 7. Nd2 Bxe2 8.
Qxe2 d5 9. e5 Nd7 10. f4 Nb4 11. Nb3 f6 12. a3 Nc6 13. Qg4 Kf7 14. O-O f5 15.
Qh3 Nb6 16. g4 g6 17. gxf5 exf5 18. Rad1 Nc4 19. Bc1 b6 20. Qg2 Ke6 21. Rd3 N6a5
22. Rh3 Bh4 23. Nxa5 Nxa5 24. b4 Nc6 25. Rxh4 Nxd4 26. Rxh7 1-0

[Event "2nd Science Park Open A"]
[Site "Amsterdam NED"]
[Date "2012.07.20"]
[Round "7"]
[White "Padurariu, Ioana-Smaranda"]
[Black "Van Zetten, Maarten"]
[Result "1/2-1/2"]
[WhiteTitle "WIM"]
[WhiteElo "2245"]
[BlackElo "2027"]
[WhiteFideId "1210947"]
[BlackFideId "1006568"]
[EventDate "2012.07.14"]

1. e4 c5 2. Nf3 Nc6 3. d4 cxd4 4. Nxd4 Qb6 5. Nb3 Nf6 6. Nc3 e6 7. Be3 Qc7 8. f4
d6 9. Be2 a6 10. a4 b6 11. Bf3 Bb7 12. O-O Be7 13. Qe2 O-O 14. Qf2 Nd7 15. Rad1
Na5 16. Nd4 Nc4 17. Bc1 Rac8 18. Kh1 Nf6 19. b3 Na5 20. Nde2 d5 21. e5 Nd7 22.
Be3 Bb4 23. Na2 Bc5 24. Bd4 Bxd4 25. Nxd4 Nc6 26. Nxc6 Bxc6 27. Be2 Bb7 28. Qh4
Qd8 29. Qh3 g6 30. Bd3 Qe7 31. Nc1 Rfe8 32. Ne2 Rc7 33. Nd4 Qf8 34. Rf3 f5 35.
exf6 Qxf6 36. Be2 Nc5 37. Qg3 Ne4 38. Qe1 Qe7 39. Bd3 Qc5 40. Bxe4 dxe4 41. Re3
e5 42. fxe5 Qxe5 43. h3 Rd8 44. c3 Rf8 45. Kg1 Rcf7 46. Qg3 Qh5 47. Rde1 Rf6 48.
b4 a5 49. bxa5 Qxa5 50. Qc7 R8f7 51. Qd8+ Rf8 52. Qd7 Qd5 53. Qxd5+ Bxd5 54. Rb1
Rc8 55. Rb4 Rc5 56. Kh2 Kg7 57. Kg3 Kh6 58. h4 g5 59. hxg5+ Kxg5 60. Ne2 h5 61.
Rd4 h4+ 62. Kh2 Rf2 63. Kg1 Rf5 64. Rb4 Rf6 65. Kh2 Rcc6 66. Rb5 Rc5 67. Rb4
Rcc6 68. Rb5 Rc5 69. Rb1 Bc4 70. Nd4 Bf1 71. Rh3 Kg4 72. Re3 Bd3 73. Rh3 1/2-1/2

[Event "2nd Science Park Open A"]
[Site "Amsterdam NED"]
[Date "2012.07.20"]
[Round "7"]
[White "Klapwijk, Bram"]
[Black "De Saegher, Chris"]
[Result "1/2-1/2"]
[WhiteElo "2041"]
[BlackElo "2208"]
[WhiteFideId "1009133"]
[BlackFideId "1004433"]
[EventDate "2012.07.14"]

1. e4 c6 2. Nc3 d5 3. Nf3 Bg4 4. Be2 e6 5. d4 dxe4 6. Nxe4 Nd7 7. Bf4 Ndf6 8.
Neg5 Nh6 9. Qd2 Be7 10. c4 O-O 11. O-O Nh5 12. Be3 Nf5 13. Ne4 Nf6 14. Nc3 Nxe3
15. Qxe3 Qc7 16. Ne5 Bxe2 17. Nxe2 c5 18. b3 Rfd8 19. Rfd1 a6 20. h3 cxd4 21.
Nxd4 Bc5 22. Rd3 Bxd4 23. Rxd4 Rxd4 24. Qxd4 Rd8 25. Qe3 Qa5 26. Nf3 Qa3 27. Qb6
Rd7 28. Ne5 Qb2 29. Re1 Qd2 30. Kf1 Re7 31. Qc5 Qd8 32. Ke2 Ne4 33. Qe3 Nd6 34.
Rd1 Qc7 35. Qd4 Ne8 36. b4 f6 37. Nd7 Qc6 1/2-1/2

[Event "2nd Science Park Open A"]
[Site "Amsterdam NED"]
[Date "2012.07.20"]
[Round "7"]
[White "Straat, Evert-Jan"]
[Black "Van Dorp, Folke"]
[Result "1/2-1/2"]
[WhiteElo "2091"]
[BlackElo "2183"]
[WhiteFideId "1001418"]
[BlackFideId "1023209"]
[EventDate "2012.07.14"]

1. d4 f5 2. Nf3 Nf6 3. g3 e6 4. Bg2 d5 5. c4 c6 6. b3 Bd6 7. O-O Qe7 8. Bb2 O-O
9. Qc1 b6 10. Ba3 Nbd7 11. Bxd6 Qxd6 12. Qa3 Qxa3 13. Nxa3 Ba6 14. Rac1 Rac8 15.
Rc2 Rfd8 16. Rfc1 Ne4 17. Nd2 1/2-1/2

[Event "2nd Science Park Open A"]
[Site "Amsterdam NED"]
[Date "2012.07.20"]
[Round "7"]
[White "Vogel, Jaap"]
[Black "Galje, Hans"]
[Result "1/2-1/2"]
[WhiteTitle "FM"]
[WhiteElo "2179"]
[BlackElo "2108"]
[WhiteFideId "1000764"]
[BlackFideId "1003240"]
[EventDate "2012.07.14"]

1. d4 Nf6 2. c4 e6 3. Nc3 c5 4. d5 exd5 5. cxd5 d6 6. e4 g6 7. h3 Bg7 8. Nf3 O-O
9. Bd3 Nh5 10. O-O Nd7 11. Bg5 Bf6 12. Be3 Ne5 13. Be2 Nxf3+ 14. Bxf3 Ng7 15.
Bg4 Re8 16. Qd3 a6 17. a4 h5 18. Bxc8 Rxc8 19. Rae1 Qd7 20. Bd2 c4 21. Qg3 b5
22. axb5 axb5 23. h4 b4 24. Nd1 Be5 25. f4 Bd4+ 26. Kh1 Qd8 27. Bxb4 1/2-1/2

[Event "2nd Science Park Open A"]
[Site "Amsterdam NED"]
[Date "2012.07.20"]
[Round "7"]
[White "De Roode, Martijn"]
[Black "Mellema, Andries"]
[Result "0-1"]
[WhiteElo "2100"]
[BlackElo "2167"]
[WhiteFideId "1030752"]
[BlackFideId "1011464"]
[EventDate "2012.07.14"]

1. e4 e6 2. d4 d5 3. Nc3 Nf6 4. Bg5 Be7 5. e5 Nfd7 6. Bxe7 Qxe7 7. f4 a6 8. Nf3
c5 9. dxc5 Qxc5 10. Qd2 Nc6 11. Bd3 Nb6 12. a3 Nc4 13. Bxc4 Qxc4 14. b3 Qc5 15.
Na4 Qa7 16. O-O-O Bd7 17. f5 Rc8 18. Kb1 b5 19. Nb2 a5 20. Qg5 Qc5 21. Qxg7 Rf8
22. Ng5 Kd8 23. Nxh7 Re8 24. Nf6 Qxa3 25. c3 Re7 26. Ng8 Re8 27. Nh6 Qxb3 28.
Nxf7+ Kc7 29. Ng5 Rg8 30. Nxe6+ Kb6 31. Qh6 Bxe6 32. fxe6 Rxg2 33. Rd2 Rh8 34.
Qf4 Rh4 35. Qe3+ d4 36. Qd3 Rxd2 37. Qxd2 dxc3 38. Qf2+ Ka6 39. Rc1 Nb4 40. Rxc3
Qa2+ 41. Kc1 Qa1+ 42. Kd2 Qxb2+ 0-1

[Event "2nd Science Park Open A"]
[Site "Amsterdam NED"]
[Date "2012.07.20"]
[Round "7"]
[White "Markus, John Raymond"]
[Black "Losekoot, Pascal"]
[Result "1/2-1/2"]
[WhiteElo "2147"]
[BlackElo "2084"]
[WhiteFideId "1001213"]
[BlackFideId "1012410"]
[EventDate "2012.07.14"]

1. d4 Nf6 2. Nf3 g6 3. c4 Bg7 4. Nc3 O-O 5. Bg5 d6 6. e3 c5 7. d5 h6 8. Bh4 e6
9. dxe6 Bxe6 10. Be2 g5 11. Bg3 d5 12. O-O Nc6 13. Ne5 d4 14. exd4 cxd4 15. Na4
Ne4 16. Nxc6 bxc6 17. Bd3 Nxg3 18. hxg3 Qd6 19. c5 Qd7 20. Qc2 Rab8 21. b3 Rfe8
22. Rae1 1/2-1/2

[Event "2nd Science Park Open A"]
[Site "Amsterdam NED"]
[Date "2012.07.20"]
[Round "7"]
[White "Bijlsma, Nick"]
[Black "Vereggen, Lars"]
[Result "1-0"]
[WhiteElo "2130"]
[BlackElo "2051"]
[WhiteFideId "1007041"]
[BlackFideId "1029258"]
[EventDate "2012.07.14"]

1. e4 c5 2. Nf3 d6 3. d4 cxd4 4. Nxd4 Nf6 5. Nc3 a6 6. Bc4 b5 7. Bb3 e6 8. O-O
Nbd7 9. Re1 Nc5 10. Bd5 exd5 11. exd5+ Kd7 12. b4 Bb7 13. bxc5 dxc5 14. Nf5 b4
15. Na4 Qa5 16. Nb2 Qb5 17. Ne3 Bd6 18. Nbc4 Rhe8 19. a4 bxa3 20. Bxa3 Kc7 21.
Rb1 Qd7 22. Rxb7+ Kxb7 23. Qb1+ 1-0

[Event "2nd Science Park Open A"]
[Site "Amsterdam NED"]
[Date "2012.07.20"]
[Round "7"]
[White "Brookes, Christopher"]
[Black "Theulings, Paul-Peter"]
[Result "1/2-1/2"]
[BlackTitle "CM"]
[WhiteElo "2171"]
[BlackElo "2126"]
[WhiteFideId "4669355"]
[BlackFideId "1002899"]
[EventDate "2012.07.14"]

1. e4 Nf6 2. e5 Nd5 3. d4 d6 4. Nf3 Nc6 5. c4 Nb6 6. e6 fxe6 7. Nc3 g6 8. Be3
Bg7 9. h4 e5 10. d5 Nd4 11. Nxd4 exd4 12. Bxd4 Bxd4 13. Qxd4 e5 14. dxe6 O-O 15.
h5 Qf6 16. Qxf6 Rxf6 17. e7 Re6+ 18. Kd2 Rxe7 19. hxg6 hxg6 20. Bd3 Be6 21. b3
Kg7 22. Rh4 Rae8 23. Rah1 Bg8 24. Rg4 Bf7 25. f4 Nd7 26. Nd5 Nf6 27. Nxf6 Kxf6
28. Rh6 Rg8 29. f5 Be8 30. fxg6 Reg7 31. Rh7 Bxg6 32. Rxg7 Rxg7 33. Bxg6 Rxg6
34. Rxg6+ Kxg6 35. Ke3 Kf5 36. Kf3 c6 37. a3 a5 38. a4 Kg5 39. g3 Kf5 40. g4+
Ke5 41. Ke3 b6 42. Kf3 d5 43. cxd5 Kxd5 44. g5 Ke5 45. Kg4 Ke6 46. Kf4 b5 47.
Ke4 Kf7 48. Kf5 bxa4 49. bxa4 c5 50. Ke4 Kg6 51. Kd5 Kxg5 52. Kxc5 Kf6 53. Kb5
Ke6 54. Kxa5 Kd7 55. Kb6 Kc8 56. a5 Kb8 57. a6 Ka8 58. a7 1/2-1/2

[Event "2nd Science Park Open A"]
[Site "Amsterdam NED"]
[Date "2012.07.20"]
[Round "7"]
[White "Ritsema, Ronald"]
[Black "Punt, Roland"]
[Result "1/2-1/2"]
[WhiteElo "2054"]
[BlackElo "2141"]
[WhiteFideId "1010409"]
[BlackFideId "1017527"]
[EventDate "2012.07.14"]

1. d4 d5 2. c4 c6 3. e3 Nf6 4. Nc3 a6 5. Qc2 Bg4 6. Bd3 e6 7. Nge2 Bh5 8. Nf4
Bg6 9. Nxg6 hxg6 10. Bd2 Nbd7 11. cxd5 exd5 12. h3 Be7 13. e4 Nxe4 14. Nxe4 dxe4
15. Bxe4 Nf6 16. Bf3 O-O 17. Bc3 Nd5 18. O-O Bd6 19. Bxd5 cxd5 20. Qb3 Bc7 21.
Rfe1 Qd7 22. Re2 Rae8 23. Rae1 Rxe2 24. Rxe2 Qd6 25. g3 a5 26. Qb5 1/2-1/2

[Event "2nd Science Park Open A"]
[Site "Amsterdam NED"]
[Date "2012.07.20"]
[Round "7"]
[White "Henseler, Jorgen"]
[Black "Dehmel, Jens"]
[Result "1/2-1/2"]
[WhiteElo "2075"]
[BlackElo "2094"]
[WhiteFideId "1023233"]
[BlackFideId "4676548"]
[EventDate "2012.07.14"]

1. e4 e5 2. Nf3 Nc6 3. Bc4 Bc5 4. b4 Bxb4 5. c3 Ba5 6. d4 exd4 7. O-O Nge7 8.
cxd4 d5 9. exd5 Nxd5 10. Qb3 Be6 11. Ba3 Qd7 12. Nbd2 O-O-O 13. Rab1 Bb6 14. Bc5
Na5 15. Qa3 Nxc4 16. Nxc4 Kb8 17. Nfe5 Qc8 18. Bxb6 Nxb6 19. Nxb6 axb6 20. Rb4
Rd5 21. Ra4 Ra5 22. Rxa5 bxa5 23. Nc6+ bxc6 24. Rb1+ Qb7 25. Rxb7+ Kxb7 26. Qxa5
Rd8 27. Qb4+ Ka7 28. h3 Rd5 29. a4 h5 30. Kf1 g6 31. Ke2 Rf5 1/2-1/2

[Event "2nd Science Park Open A"]
[Site "Amsterdam NED"]
[Date "2012.07.20"]
[Round "7"]
[White "Hendriks, Theo"]
[Black "Weber, Meikel"]
[Result "1/2-1/2"]
[WhiteElo "2067"]
[BlackElo "2045"]
[WhiteFideId "1015915"]
[BlackFideId "24602957"]
[EventDate "2012.07.14"]

1. e4 e5 2. Nf3 Nc6 3. Bb5 a6 4. Ba4 Nf6 5. O-O Nxe4 6. d4 exd4 7. Re1 d5 8.
Nxd4 Bd6 9. Nxc6 Bxh2+ 10. Kf1 Qh4 11. Rxe4+ dxe4 12. Ne5+ b5 13. Qd5 Be6 14.
Qxa8+ Ke7 15. Nc6+ Kd7 16. Qxh8 Bc4+ 17. Ke1 Qg4 18. Nc3 Qxg2 19. Qd8+ Kxc6 20.
Qe8+ Kd6 21. Nxe4+ Kd5 22. Nc3+ Kd6 23. Ne4+ Kd5 24. Nc3+ 1/2-1/2

[Event "2nd Science Park Open A"]
[Site "Amsterdam NED"]
[Date "2012.07.21"]
[Round "8.1"]
[White "Bakre, Tejas"]
[Black "Antal, Gergely"]
[Result "1/2-1/2"]
[WhiteTitle "GM"]
[BlackTitle "GM"]
[WhiteElo "2482"]
[BlackElo "2511"]
[WhiteFideId "5004195"]
[BlackFideId "717312"]
[EventDate "2012.07.14"]

1. c4 Nf6 2. g3 c6 3. Nf3 d5 4. Bg2 dxc4 5. O-O e6 6. a4 Qd5 7. Qc2 Qe4 8. Qxe4
Nxe4 9. Ne5 Nc5 10. a5 f6 11. Nxc4 Nb3 12. Ra4 e5 13. d3 Na6 14. Be3 Be6 15.
Nbd2 Nxd2 16. Nxd2 Bd5 17. Rc1 Bb4 18. Ne4 Kf7 19. Nc5 Bxc5 20. Bxc5 Bxg2 21.
Kxg2 Rhd8 22. Rac4 Rd5 23. b4 Nc7 24. d4 e4 25. f3 exf3+ 26. Kxf3 Rf5+ 27. Kg4
Rf2 28. d5 h5+ 29. Kh3 Rxe2 30. dxc6 bxc6 31. R1c2 Rxc2 32. Rxc2 Nd5 33. Bd4 Ne7
34. Bc5 Nd5 35. Bd4 Nxb4 36. Rc4 Nd5 37. Rxc6 a6 38. Rd6 Ne7 39. Rb6 Nf5 40. Bf2
Ne7 41. Kg2 Kg6 42. h3 Kf5 43. Rb7 Ke6 44. Bc5 Nc6 45. Rxg7 Nxa5 46. Rh7 Nb3 47.
Ba3 Rc8 48. Rxh5 Rc2+ 49. Kg1 Ra2 50. Bf8 Nd4 51. Rh7 a5 52. Ra7 a4 53. Ra6+ Kf7
54. Bc5 Nc2 55. Ra7+ Kg6 56. Kf2 Nd4+ 57. Ke3 Nf5+ 58. Kf3 Rc2 59. g4 Rc3+ 60.
Kf2 Rxc5 61. gxf5+ Rxf5+ 62. Kg3 Rg5+ 1/2-1/2

[Event "2nd Science Park Open A"]
[Site "Amsterdam NED"]
[Date "2012.07.21"]
[Round "8.2"]
[White "Hungaski, Robert Andrew"]
[Black "Sergeev, Vladimir"]
[Result "1-0"]
[WhiteTitle "IM"]
[BlackTitle "GM"]
[WhiteElo "2488"]
[BlackElo "2479"]
[WhiteFideId "2021030"]
[BlackFideId "14101076"]
[EventDate "2012.07.14"]

1. e4 Nf6 2. e5 Nd5 3. d4 d6 4. Nf3 Bg4 5. Be2 c6 6. c4 Nb6 7. exd6 exd6 8. b3
Be7 9. O-O O-O 10. Bf4 d5 11. c5 N6d7 12. Nbd2 a5 13. Bd3 Na6 14. Qb1 g6 15. a3
Nc7 16. h3 Bxf3 17. Nxf3 Ne6 18. Be3 Bf6 19. b4 axb4 20. axb4 b5 21. Qb2 Qc7 22.
g3 Bg7 23. Kg2 Qb7 24. Rxa8 Rxa8 25. Ra1 Ra6 26. Bc2 Qa8 27. Rxa6 Qxa6 28. Nd2
f5 29. Nf3 Qa8 30. Ne5 Nxe5 31. dxe5 h5 32. f4 Bh6 33. Kf3 Kh7 34. Bb3 Bf8 35.
Qc1 Be7 36. Ke2 Kg7 37. Kd3 Nc7 38. Kc2 Qc8 39. Qg1 Kf8 40. Kb2 Na6 41. Bd2 Nc7
42. Bc2 Qe6 43. Bb3 Ne8 44. Be3 Ng7 45. Bd1 Kf7 46. Bd2 Qd7 47. Qe3 Bf8 48. Qa3
Ne6 49. g4 hxg4 50. hxg4 Ng7 51. Qh3 Qe6 52. Be1 Kg8 53. Bc3 fxg4 54. Bxg4 Nf5
55. Qh1 Be7 56. Bd2 Kg7 57. Qg1 Kf7 58. Qa1 Qd7 59. Qa8 Bf8 60. Qb8 d4 61. Qa8
d3 62. Qa2+ Kg7 63. e6 Qd8 64. Bc3+ Kh6 65. Qb1 Qd5 66. Qg1 Be7 67. Bxf5 Qxf5
68. Qh1+ Qh5 69. Qxc6 Qh2+ 70. Ka3 Qxf4 71. Qh1+ Kg5 72. Qg2+ Kh4 73. Qh1+ Kg4
74. Qd1+ Kf5 75. Qxd3+ Kxe6 76. Qxb5 g5 77. Qc6+ Kf7 78. Qd5+ Kf8 79. Bd2 Qf2
80. Ka4 Qg3 81. c6 Qc7 82. Qf5+ Ke8 83. Qg6+ Kf8 84. Bc3 Qd6 85. Bg7+ Kg8 86.
Bf6+ Kf8 87. Qg7+ Ke8 88. Qg8+ Bf8 89. Qg6# 1-0

[Event "2nd Science Park Open A"]
[Site "Amsterdam NED"]
[Date "2012.07.21"]
[Round "8.3"]
[White "Bosboom, Manuel"]
[Black "Greenfeld, Alon"]
[Result "0-1"]
[WhiteTitle "IM"]
[BlackTitle "GM"]
[WhiteElo "2375"]
[BlackElo "2556"]
[WhiteFideId "1000080"]
[BlackFideId "2800039"]
[EventDate "2012.07.14"]

1. c4 e6 2. Nf3 Nf6 3. e3 d5 4. a3 c5 5. b4 cxb4 6. axb4 Bxb4 7. Bb2 O-O 8. Qc2
Nc6 9. Ra4 Bd6 10. Nc3 Bd7 11. cxd5 Nb4 12. Rxb4 Bxb4 13. Ng5 e5 14. Bd3 h6 15.
h4 Rc8 16. Qb3 Qb6 17. Qc2 Rfe8 18. Nge4 Nxe4 19. Bxe4 Rf8 20. Bh7+ Kh8 21. h5
Qa5 22. O-O Bxc3 23. Bxc3 Qxd5 24. Be4 Qc4 25. Bxb7 Rc7 26. Bf3 Bg4 27. Qd1 Bxf3
28. Qxf3 f6 29. Bxe5 Rd7 30. Bc3 Qd5 31. Qh3 Rb7 32. Ra1 Qd3 33. Kh2 Rd8 34. Ra5
Kh7 35. Qf3 Rbd7 36. g4 a6 37. Kg2 Rd5 38. Ra4 Rg5 39. e4 Qd7 40. Rxa6 Rxg4+ 41.
Kh2 Rg5 42. d4 Qe8 43. Ra5 Rxa5 44. Bxa5 Rxd4 45. Qf5+ Kh8 46. f3 Qb8+ 47. Kh3
Rd1 48. Qc5 Qf4 49. Kg2 Rc1 0-1

[Event "2nd Science Park Open A"]
[Site "Amsterdam NED"]
[Date "2012.07.21"]
[Round "8.4"]
[White "Van Assendelft, Floris"]
[Black "Pruijssers, Roeland"]
[Result "1-0"]
[WhiteTitle "FM"]
[BlackTitle "GM"]
[WhiteElo "2348"]
[BlackElo "2525"]
[WhiteFideId "1010271"]
[BlackFideId "1013068"]
[EventDate "2012.07.14"]

1. e4 e5 2. Nf3 Nc6 3. Bb5 f5 4. d3 fxe4 5. dxe4 Nf6 6. O-O d6 7. Nc3 Be7 8. Bc4
Na5 9. Be2 Be6 10. Ng5 Bg8 11. f4 c6 12. Bd3 Nc4 13. Qe2 Nxb2 14. Rb1 Nxd3 15.
cxd3 Qc7 16. Be3 h6 17. Nf3 Bf7 18. Nh4 O-O 19. Nf5 Be6 20. g4 Nh7 21. Kh1 Bf6
22. Nxh6+ gxh6 23. f5 Bf7 24. Bxh6 Kh8 25. h4 Bxh4 26. Qh2 Qe7 27. Rf3 Rg8 28.
Rg1 Bg5 29. Rh3 Be8 30. Nb1 d5 31. Nd2 Rd8 32. Bxg5 Rxg5 33. Nf3 Rg8 34. g5 Rd7
35. g6 Rg7 36. Ng5 Kg8 37. Nxh7 1-0

[Event "2nd Science Park Open A"]
[Site "Amsterdam NED"]
[Date "2012.07.21"]
[Round "8.5"]
[White "Riemersma, Li"]
[Black "Klein, David"]
[Result "1/2-1/2"]
[WhiteTitle "IM"]
[BlackTitle "FM"]
[WhiteElo "2425"]
[BlackElo "2438"]
[WhiteFideId "1000250"]
[BlackFideId "1003623"]
[EventDate "2012.07.14"]

1. c4 e6 2. Nc3 Nf6 3. e4 d5 4. cxd5 exd5 5. e5 Ng8 6. Nf3 Nc6 7. d4 Bb4 8. Qc2
Nge7 9. Bd3 Bg4 10. Be3 Qd7 11. a3 Ba5 12. Nd2 Nxe5 13. dxe5 d4 14. Nc4 Bxc3+
15. bxc3 dxe3 16. Nxe3 Bh5 17. Rb1 Bg6 18. Bxg6 Nxg6 19. Qe4 O-O 20. Rxb7 Rfe8
21. f4 Rad8 22. O-O Qd3 1/2-1/2

[Event "2nd Science Park Open A"]
[Site "Amsterdam NED"]
[Date "2012.07.21"]
[Round "8.6"]
[White "Haslinger, Stewart G"]
[Black "Afek, Yochanan"]
[Result "1-0"]
[WhiteTitle "GM"]
[BlackTitle "IM"]
[WhiteElo "2536"]
[BlackElo "2293"]
[WhiteFideId "405248"]
[BlackFideId "2800462"]
[EventDate "2012.07.14"]

1. e4 c5 2. Nf3 Nf6 3. Nc3 d5 4. exd5 Nxd5 5. Bb5+ Bd7 6. Ne5 Nf6 7. Qf3 Qc8 8.
a4 e6 9. a5 Bxb5 10. Nxb5 a6 11. Nc4 axb5 12. Nb6 Qc6 13. Nxa8 Qxf3 14. gxf3 Bd6
15. Nb6 Kd8 16. d3 Kc7 17. Be3 Nc6 18. c3 Nxa5 19. b4 Kxb6 20. bxc5+ Bxc5 21.
Bxc5+ Kxc5 22. Rxa5 Kb6 23. Ra3 Rd8 24. Kd2 Rd5 25. Rb3 Kc6 26. Rc1 Rh5 27. c4
Rxh2 28. Ke3 Rh5 29. Rcb1 Nd7 30. Rxb5 Rxb5 31. Rxb5 g6 32. Ra5 Kc7 33. Ra8 Kd6
34. Rc8 h5 35. f4 b6 36. d4 Nf6 37. Kf3 Nd7 38. Kg3 Nf6 39. f3 Kd7 40. Rb8 Kc6
41. Rf8 b5 42. Rxf7 Ne8 43. cxb5+ Kxb5 44. Re7 Nd6 45. Rxe6 Nf5+ 46. Kf2 1-0